Empires at war : 1911-1923
Αποθηκεύτηκε σε:
| Άλλοι συγγραφείς: | , |
|---|---|
| Μορφή: | Βιβλίο |
| Γλώσσα: | English |
| Δημοσίευση: |
Oxford :
Oxford University Press,
2014.
|
| Σειρά: | The greater war
|
| Θέματα: | |
| Ετικέτες: |
Προσθήκη ετικέτας
Δεν υπάρχουν, Καταχωρήστε ετικέτα πρώτοι!
|
MARC
| LEADER | 00000cam a2200000 a 4500 | ||
|---|---|---|---|
| 001 | 1/106423 | ||
| 008 | 150519s2014####xxk| ||| |||| ||eng|| | ||
| 020 | |a 9780198702511 | ||
| 040 | |a GR-MyUa |b gre |c GR-MyUa |e AACR2 | ||
| 041 | 0 | |a eng | |
| 082 | 7 | |a 909.8 |2 (23) | |
| 245 | 0 | 0 | |a Empires at war : |b 1911-1923 / |c edited by Robert Gerwarth and Erez Manela. |
| 260 | |a Oxford : |b Oxford University Press, |c 2014. | ||
| 300 | |a x, 283 σ. : |b εικ. ; |c 24 εκ. | ||
| 490 | 1 | |a The greater war | |
| 504 | |a Περιλαμβάνει βιβλιογραφία και ευρετήριο. | ||
| 650 | 0 | |a World history. | |
| 700 | 1 | |a Gerwarth, Robert, |e edt | |
| 700 | 1 | |a Manela, Erez, |e edt | |
| 830 | 0 | |a The greater war | |
| 852 | |a INST |b LESVOS |e 20150519 |h 909.8 EMP |p 005100056618 |q 005100056618 |t BK |y 0 | ||
| 970 | |a Τζαφέρη |b Ευαγγελία |z 19-05-2015 | ||